| 000 | 00678nam a2200193 a 4500 | ||
|---|---|---|---|
| 005 | 20210219160153.0 | ||
| 008 | 080922s1978 mx r 000 0 spa d | ||
| 020 | _a923301536X | ||
| 035 | _aUPN01000160042 | ||
| 049 | _aUNE | ||
| 080 | _a376.66 EDU No.27 2ejem. | ||
| 245 | 0 | 3 |
_aLa Educación de los trabajadores migrantes y de su familia : _bestudios monográficosrealizados a petición de las comisiones nacionales de Finlandia, Francia, Suecia, Yugoslavia |
| 260 |
_aParis : _bUNESCO, _c1978. |
||
| 300 |
_a44 p. ; _bfot. |
||
| 440 | 0 |
_aEstudios y documentos de educación, nueva serie ; _v27. |
|
| 690 | _aEducaion del migrante | ||
| 710 | 2 | _aUNESCO | |
| 905 | _aUNESCO | ||
| 999 |
_c132156 _d132156 |
||